[Event "GBR-ch80"]
[Site "Dundee"]
[Date "1993.08.10"]
[Round "8"]
[White "Ledger, Andrew"]
[Black "McNab, Colin Anderson"]
[Result "1/2-1/2"]
[WhiteElo "2375"]
[BlackElo "2490"]
[PlyCount "83"]
[EventDate "1993.08.02"]
[EventType "swiss"]
[EventRounds "11"]
[EventCountry "GBR"]
[SourceTitle "BritBase"]
[Source "britbase.info"]
[SourceDate "2021.07.30"]
[SourceVersion "1"]
[SourceVersionDate "2021.07.30"]
[SourceQuality "1"]

1. c4 e5 2. Nc3 d6 3. g3 c6 4. Bg2 Be6 5. d3 Be7 6. Nf3 f5 7. O-O Nf6 8. b4 h6
9. Rb1 O-O 10. b5 Qc7 11. bxc6 bxc6 12. Qa4 Nfd7 13. Ba3 a5 14. Rfc1 Qa7 15.
Nd2 Rc8 16. Qb3 Na6 17. Qb7 Nb4 18. Qxa7 Rxa7 19. Bxb4 axb4 20. Rxb4 d5 21. Ra4
Rxa4 22. Nxa4 Ra8 23. cxd5 cxd5 24. Nc3 Rc8 25. Nb3 Ba3 26. Bxd5 Kf7 27. Bxe6+
Kxe6 28. Rc2 Bb4 29. Nb5 Rxc2 30. N5d4+ exd4 31. Nxd4+ Kd5 32. Nxc2 Bc5 33. e3
Nb6 34. f4 Na4 35. Kf2 Nc3 36. a3 Nb1 37. a4 Bb6 38. Kf3 Nc3 39. g4 g6 40. gxf5
gxf5 41. e4+ Ke6 42. a5 1/2-1/2

[Event "GBR-ch80"]
[Site "Dundee"]
[Date "1993.08.10"]
[Round "8"]
[White "Ledger, David"]
[Black "Summerscale, Aaron"]
[Result "0-1"]
[WhiteElo "2295"]
[BlackElo "2355"]
[PlyCount "44"]
[EventDate "1993.08.02"]
[EventType "swiss"]
[EventRounds "11"]
[EventCountry "GBR"]
[SourceTitle "BritBase"]
[Source "britbase.info"]
[SourceDate "2021.07.30"]
[SourceVersion "1"]
[SourceVersionDate "2021.07.30"]
[SourceQuality "1"]

1. Nf3 d5 2. g3 Nf6 3. Bg2 Bg4 4. O-O Nbd7 5. h3 Bh5 6. d3 e5 7. Qe1 Bd6 8. e4
dxe4 9. dxe4 O-O 10. Nbd2 Re8 11. Nc4 Bf8 12. Nh4 c6 13. a4 Nc5 14. Nf5 Qc7 15.
Bd2 Nfd7 16. f4 f6 17. fxe5 Nxe5 18. Nxe5 Qxe5 19. Bc3 Qc7 20. Kh1 Bf7 21. Qe3
Nxe4 22. Bd4 g6 0-1

[Event "GBR-ch80"]
[Site "Dundee"]
[Date "1993.08.10"]
[Round "8"]
[White "Martin, Andrew D"]
[Black "Kumaran, Dharshan"]
[Result "0-1"]
[WhiteElo "2425"]
[BlackElo "2425"]
[PlyCount "88"]
[EventDate "1993.08.02"]
[EventType "swiss"]
[EventRounds "11"]
[EventCountry "GBR"]
[SourceTitle "BritBase"]
[Source "britbase.info"]
[SourceDate "2021.07.30"]
[SourceVersion "1"]
[SourceVersionDate "2021.07.30"]
[SourceQuality "1"]

1. e4 c6 2. d4 d5 3. exd5 cxd5 4. Bd3 Nc6 5. c3 g6 6. Nf3 Nh6 7. O-O Bg7 8. Re1
O-O 9. Bxh6 Bxh6 10. Nbd2 Bg7 11. Nb3 Qd6 12. Rc1 Re8 13. h3 Bd7 14. Rc2 Rad8
15. Rce2 Bc8 16. Bb5 e6 17. Nc5 f6 18. Qa4 Re7 19. b4 Nb8 20. Qc2 b6 21. Nd3
Kh8 22. Qd2 Bd7 23. Bxd7 Nxd7 24. Nf4 Bh6 25. Nxg6+ Kg7 26. Nxe7 Bxd2 27. Rxe6
Qf4 28. Nxd5 Qf5 29. Ne7 Qd3 30. R1e4 Nf8 31. Nf5+ Kh8 32. Re7 Bg5 33. Nxg5
fxg5 34. Nh6 Rd7 35. Re8 Kg7 36. Nf5+ Kg6 37. Ne3 Rf7 38. Ng4 Kg7 39. Re3 Qb1+
40. Kh2 Qxa2 41. R8e5 h6 42. Re2 Qc4 43. R2e3 Ng6 44. Re6 Nf4 0-1

[Event "GBR-ch80"]
[Site "Dundee"]
[Date "1993.08.10"]
[Round "8"]
[White "Martin, Benjamin"]
[Black "Parker, Jonathan"]
[Result "0-1"]
[WhiteElo "2410"]
[BlackElo "2370"]
[PlyCount "130"]
[EventDate "1993.08.02"]
[EventType "swiss"]
[EventRounds "11"]
[EventCountry "GBR"]
[SourceTitle "BritBase"]
[Source "britbase.info"]
[SourceDate "2021.07.30"]
[SourceVersion "1"]
[SourceVersionDate "2021.07.30"]
[SourceQuality "1"]

1. e4 c5 2. Nf3 d6 3. d4 cxd4 4. Nxd4 Nf6 5. Nc3 g6 6. Bc4 Bg7 7. O-O O-O 8.
Bb3 Nbd7 9. Bg5 Nc5 10. Re1 Bd7 11. Qd2 Re8 12. h3 Rc8 13. Bh6 Bh8 14. Rad1 Qa5
15. Bg5 Rcd8 16. Bc4 Na4 17. Nxa4 Qxd2 18. Rxd2 Bxa4 19. Nb5 Rc8 20. Bd3 Rc5
21. Nc3 Rxg5 22. Nxa4 Ra5 23. Nc3 Nd7 24. Nd5 e6 25. Nc7 Rc8 26. Nb5 Rc6 27.
Bf1 Bxb2 28. Rxd6 Rxb5 29. Rxd7 Rbb6 30. c4 e5 31. Rb1 Bd4 32. Rxb7 Rxb7 33.
Rxb7 Rf6 34. Rd7 Bxf2+ 35. Kh2 Bd4 36. Bd3 Rf2 37. c5 Bxc5 38. Bc4 g5 39. h4
gxh4 40. Kh3 Rf4 41. Bd5 Kg7 42. Rb7 h5 43. Rb3 f6 44. Rf3 Rg4 45. Bc6 Bb4 46.
Bd5 Bd2 47. Kh2 Bf4+ 48. Kg1 Kh6 49. Be6 Rg7 50. Kf1 Rc7 51. Ra3 Bg3 52. Bf5
Rc2 53. Be6 Rf2+ 54. Kg1 Re2 55. Rf3 Re1+ 56. Rf1 Bh2+ 57. Kf2 Rxe4 58. Rb1
Bg3+ 59. Kf3 Rf4+ 60. Ke3 Bf2+ 61. Kd3 Bb6 62. Rc1 e4+ 63. Kc4 Rf2 64. Bd5 e3
65. Bf3 h3 0-1

[Event "GBR-ch80"]
[Site "Dundee"]
[Date "1993.08.10"]
[Round "8"]
[White "MacElligott, Gerry"]
[Black "Gokhale, Anupama"]
[Result "0-1"]
[WhiteElo "2260"]
[BlackElo "2200"]
[PlyCount "50"]
[EventDate "1993.08.02"]
[EventType "swiss"]
[EventRounds "11"]
[EventCountry "GBR"]
[SourceTitle "BritBase"]
[Source "britbase.info"]
[SourceDate "2021.07.30"]
[SourceVersion "1"]
[SourceVersionDate "2021.07.30"]
[SourceQuality "1"]

1. Nf3 d5 2. g3 c5 3. Bg2 Nc6 4. O-O e6 5. d4 Nf6 6. c4 Be7 7. cxd5 exd5 8. Nc3
O-O 9. Bf4 c4 10. Ne5 Be6 11. e4 Nxe5 12. Bxe5 Nxe4 13. Nxe4 dxe4 14. Bxe4 Bd5
15. Qg4 g6 16. Qf3 Bxe4 17. Qxe4 b5 18. a4 a6 19. axb5 axb5 20. Qb7 Rc8 21. Ra7
Bd6 22. Qxb5 Bxe5 23. dxe5 Qd4 24. e6 Qxa7 25. exf7+ Qxf7 0-1

[Event "GBR-ch80"]
[Site "Dundee"]
[Date "1993.08.10"]
[Round "8"]
[White "Murugan, Krishnamoorthy"]
[Black "Knox, Victor W"]
[Result "1-0"]
[WhiteElo "2430"]
[BlackElo "2315"]
[PlyCount "145"]
[EventDate "1993.08.02"]
[EventType "swiss"]
[EventRounds "11"]
[EventCountry "GBR"]
[SourceTitle "BritBase"]
[Source "britbase.info"]
[SourceDate "2021.07.30"]
[SourceVersion "1"]
[SourceVersionDate "2021.07.30"]
[SourceQuality "1"]

1. d4 d5 2. c4 c6 3. Nc3 Nf6 4. Nf3 e6 5. e3 Nbd7 6. Qc2 Bd6 7. Be2 O-O 8. O-O
dxc4 9. Bxc4 e5 10. a3 Qe7 11. h3 e4 12. Ng5 Nb6 13. Ba2 Bf5 14. f3 Bg6 15.
Ngxe4 Nxe4 16. fxe4 Rae8 17. Bd2 Nd5 18. Nxd5 cxd5 19. Bxd5 Bxe4 20. Bxe4 Qxe4
21. Qxe4 Rxe4 22. Rf5 g6 23. Rd5 Bb8 24. Rd7 b6 25. Kf2 Rfe8 26. Kf3 f5 27. g4
R4e7 28. Rxe7 Rxe7 29. Rc1 Kf7 30. Rc8 Bh2 31. Bb4 Rd7 32. Bc3 Bg1 33. Rh8 Ke6
34. Re8+ Kf7 35. Re5 Bh2 36. Rb5 Ke6 37. gxf5+ gxf5 38. e4 fxe4+ 39. Kxe4 Rf7
40. Rh5 Bd6 41. a4 a6 42. Bd2 Bc7 43. Be3 Kd7 44. b4 Re7+ 45. Kd3 Rf7 46. b5
axb5 47. axb5 Bd8 48. Rd5+ Kc8 49. Rh5 Kd7 50. Kc4 Bc7 51. Rh6 Bd8 52. Bd2 Bc7
53. Bg5 Kc8 54. Rf6 Rd7 55. Rf8+ Kb7 56. Bf6 Ka7 57. Rg8 Kb7 58. Rg7 Rxg7 59.
Bxg7 Kc8 60. Be5 Bd8 61. Kd5 Kd7 62. Ke4 Ke6 63. Bg3 Kd7 64. Kf5 Be7 65. h4 Bd8
66. h5 Be7 67. d5 Bd6 68. Bxd6 Kxd6 69. Ke4 Kd7 70. Ke5 Ke7 71. h6 Kd7 72. d6
Kd8 73. Kf6 1-0

[Event "GBR-ch80"]
[Site "Dundee"]
[Date "1993.08.10"]
[Round "8"]
[White "Quillan, Gary"]
[Black "Levitt, Jonathan"]
[Result "1-0"]
[WhiteElo "2300"]
[BlackElo "2455"]
[PlyCount "65"]
[EventDate "1993.08.02"]
[EventType "swiss"]
[EventRounds "11"]
[EventCountry "GBR"]
[SourceTitle "BritBase"]
[Source "britbase.info"]
[SourceDate "2021.07.30"]
[SourceVersion "1"]
[SourceVersionDate "2021.07.30"]
[SourceQuality "1"]

1. e4 e6 2. d4 d5 3. Nd2 c5 4. exd5 Qxd5 5. Ngf3 cxd4 6. Bc4 Qd6 7. O-O Nf6 8.
Nb3 Nc6 9. Nbxd4 Nxd4 10. Nxd4 a6 11. b3 Be7 12. Bb2 b5 13. Bd3 Bb7 14. Re1 O-O
15. Qe2 Rfe8 16. Rad1 Qc7 17. Nf3 Bb4 18. Rf1 Bc3 19. Bxc3 Qxc3 20. Ne5 Rac8
21. Rfe1 Rc7 22. Qe3 Qc5 23. Qh3 g6 24. Qh4 Qe7 25. c4 bxc4 26. Bxc4 Bd5 27.
Bd3 a5 28. Bb5 Rb8 29. Nd7 Rxb5 30. Nxf6+ Kg7 31. Qxh7+ Kxf6 32. Qh8+ Kg5 33.
h4+ 1-0

[Event "GBR-ch80"]
[Site "Dundee"]
[Date "1993.08.10"]
[Round "8"]
[White "Ward, Christopher G"]
[Black "Emms, John M"]
[Result "1/2-1/2"]
[WhiteElo "2460"]
[BlackElo "2455"]
[PlyCount "76"]
[EventDate "1993.08.02"]
[EventType "swiss"]
[EventRounds "11"]
[EventCountry "GBR"]
[SourceTitle "BritBase"]
[Source "britbase.info"]
[SourceDate "2021.07.30"]
[SourceVersion "1"]
[SourceVersionDate "2021.07.30"]
[SourceQuality "1"]

1. d4 Nf6 2. c4 e6 3. Nc3 Bb4 4. g3 c5 5. Nf3 cxd4 6. Nxd4 O-O 7. Bg2 d5 8. Qb3
Bxc3+ 9. Qxc3 e5 10. Nb3 Nc6 11. Bg5 d4 12. Qf3 a5 13. Nd2 Bg4 14. Qxg4 Nxg4
15. Bxd8 Rfxd8 16. h3 Nf6 17. Ne4 Nxe4 18. Bxe4 Ne7 19. g4 Rac8 20. b3 b6 21.
Kd2 f6 22. Bd3 g6 23. a3 f5 24. f3 Kf7 25. b4 axb4 26. axb4 Ra8 27. Kc2 Ke6 28.
Rhg1 Kf6 29. Kb3 h5 30. gxh5 gxh5 31. h4 Rxa1 32. Rxa1 Rd6 33. c5 bxc5 34. bxc5
Re6 35. Bc4 Rc6 36. Kb4 e4 37. fxe4 fxe4 38. Rf1+ Ke5 1/2-1/2

[Event "GBR-ch80"]
[Site "Dundee"]
[Date "1993.08.11"]
[Round "9"]
[White "Emms, John M"]
[Black "Arkell, Keith C"]
[Result "1/2-1/2"]
[WhiteElo "2455"]
[BlackElo "2460"]
[PlyCount "96"]
[EventDate "1993.08.02"]
[EventType "swiss"]
[EventRounds "11"]
[EventCountry "GBR"]
[SourceTitle "BritBase"]
[Source "britbase.info"]
[SourceDate "2021.07.30"]
[SourceVersion "1"]
[SourceVersionDate "2021.07.30"]
[SourceQuality "1"]

1. e4 c6 2. d4 d5 3. Nd2 dxe4 4. Nxe4 Nd7 5. Ng5 Ngf6 6. Bd3 e6 7. N1f3 Be7 8.
O-O h6 9. Ne4 c5 10. Nxc5 Nxc5 11. dxc5 Bxc5 12. b3 O-O 13. Bb2 b6 14. Qe2 Bb7
15. Rad1 Qe7 16. Ne5 Nd5 17. Be4 Rfd8 18. c4 Nf6 19. Nc6 Bxc6 20. Bxc6 Rac8 21.
Bf3 Ba3 22. Be5 a5 23. g3 Bd6 24. Bb2 Ba3 25. Be5 Rxd1 26. Rxd1 Rd8 27. Kg2
Rxd1 28. Qxd1 Nd7 29. Bc7 Bb2 30. Qd6 Qxd6 31. Bxd6 Be5 32. Be7 Bd4 33. Kf1 Bc5
34. Bd8 Ne5 35. Ke2 Nxf3 36. Kxf3 Kf8 37. Bc7 Ke7 38. Ke2 f6 39. Bf4 e5 40. Bc1
f5 41. f3 h5 42. h3 g6 43. Kd3 Kd6 44. Ke2 Kc6 45. g4 Kd6 46. gxf5 gxf5 47. Kd3
Kc6 48. Bb2 Kd6 1/2-1/2

[Event "GBR-ch80"]
[Site "Dundee"]
[Date "1993.08.11"]
[Round "9"]
[White "Gokhale, Anupama"]
[Black "Muir, Andrew J"]
[Result "1-0"]
[WhiteElo "2200"]
[BlackElo "2360"]
[PlyCount "87"]
[EventDate "1993.08.02"]
[EventType "swiss"]
[EventRounds "11"]
[EventCountry "GBR"]
[SourceTitle "BritBase"]
[Source "britbase.info"]
[SourceDate "2021.07.30"]
[SourceVersion "1"]
[SourceVersionDate "2021.07.30"]
[SourceQuality "1"]

1. d4 d5 2. c4 e6 3. Nc3 c6 4. cxd5 exd5 5. Nf3 Nf6 6. Bg5 Bf5 7. Qb3 Nbd7 8.
e4 Bxe4 9. Nxe4 dxe4 10. Ne5 Nxe5 11. dxe5 e3 12. Bxe3 Qa5+ 13. Ke2 Qxe5 14.
Qxb7 Qb5+ 15. Qxb5 cxb5 16. Kf3 a6 17. a4 b4 18. Re1 O-O-O 19. Bxa6+ Kb8 20.
Rd1 Be7 21. Bb6 Rd5 22. Rxd5 Nxd5 23. Bd4 f6 24. Bc4 Rd8 25. Re1 Bf8 26. Bxd5
Rxd5 27. Re8+ Kb7 28. Ke4 Rxd4+ 29. Kxd4 Bd6 30. Kd5 Be5 31. Rxe5 fxe5 32. Kxe5
Kb6 33. Kd5 Ka6 34. b3 g6 35. f4 Kb6 36. g4 Kc7 37. f5 gxf5 38. gxf5 h5 39. a5
h4 40. f6 h3 41. f7 Kb7 42. f8=Q Kc7 43. Qd6+ Kc8 44. Qc6+ 1-0

[Event "GBR-ch80"]
[Site "Dundee"]
[Date "1993.08.11"]
[Round "9"]
[White "Harley, Andrew D"]
[Black "Martin, Benjamin"]
[Result "0-1"]
[WhiteElo "2315"]
[BlackElo "2410"]
[PlyCount "74"]
[EventDate "1993.08.02"]
[EventType "swiss"]
[EventRounds "11"]
[EventCountry "GBR"]
[SourceTitle "BritBase"]
[Source "britbase.info"]
[SourceDate "2021.07.30"]
[SourceVersion "1"]
[SourceVersionDate "2021.07.30"]
[SourceQuality "1"]

1. e4 e6 2. d4 d5 3. Nc3 Bb4 4. e5 c5 5. a3 Bxc3+ 6. bxc3 Ne7 7. Qg4 Qc7 8.
Qxg7 Rg8 9. Qxh7 cxd4 10. Ne2 Nbc6 11. f4 Bd7 12. Qd3 dxc3 13. Rb1 O-O-O 14.
Qxc3 Nf5 15. Rg1 d4 16. Qd3 Be8 17. g4 Nh4 18. Rg3 f6 19. exf6 Bf7 20. Bh3 Rge8
21. g5 Bg6 22. Qc4 Nf5 23. Bxf5 exf5 24. Rh3 Re4 25. Qd3 Rde8 26. Rh6 Rxe2+ 27.
Qxe2 Rxe2+ 28. Kxe2 Qf7 29. Kd3 Qe8 30. Rxg6 Qxg6 31. Bd2 Qh5 32. Rg1 Qf3+ 33.
Kc4 b5+ 34. Kc5 Kc7 35. g6 Qe2 36. Ba5+ Kd7 37. Kd5 Qc4# 0-1

[Event "GBR-ch80"]
[Site "Dundee"]
[Date "1993.08.11"]
[Round "9"]
[White "Hastings, Jonathan J"]
[Black "Bates, Richard"]
[Result "0-1"]
[WhiteElo "2210"]
[BlackElo "2235"]
[PlyCount "93"]
[EventDate "1993.08.02"]
[EventType "swiss"]
[EventRounds "11"]
[EventCountry "GBR"]
[SourceTitle "BritBase"]
[Source "britbase.info"]
[SourceDate "2021.07.30"]
[SourceVersion "1"]
[SourceVersionDate "2021.07.30"]
[SourceQuality "1"]

1. e4 c5 2. c4 Nc6 3. Nc3 g6 4. f4 Bg7 5. d3 d6 6. Nf3 e6 7. g3 Nge7 8. Be3 Nd4
9. Bxd4 cxd4 10. Ne2 Nc6 11. Bg2 Qa5+ 12. Qd2 Qxd2+ 13. Kxd2 O-O 14. Rhc1 f5
15. c5 fxe4 16. dxe4 d3 17. Nc3 dxc5 18. e5 Nb4 19. Ne4 b6 20. Ne1 Ba6 21. Nf6+
Bxf6 22. Bxa8 Bxe5 23. fxe5 Rxa8 24. Nf3 Rf8 25. Rf1 Rf5 26. h3 Bb7 27. Ng1
Rxe5 28. Rf2 Rf5 29. Raf1 Bg2 30. Rxf5 gxf5 31. Rf2 Be4 32. a3 Nd5 33. Nf3 Bxf3
34. Rxf3 c4 35. a4 a6 36. Rf1 b5 37. axb5 axb5 38. Ra1 Nf6 39. Ke3 Ne4 40. g4
d2 41. gxf5 exf5 42. Ke2 b4 43. Ra8+ Kf7 44. Ra5 Kg6 45. Ra6+ Kg5 46. h4+ Kxh4
47. Rb6 0-1

[Event "GBR-ch80"]
[Site "Dundee"]
[Date "1993.08.11"]
[Round "9"]
[White "Hodgson, Julian M"]
[Black "Gokhale, Jayant Suresh"]
[Result "1-0"]
[WhiteElo "2625"]
[BlackElo "2330"]
[PlyCount "57"]
[EventDate "1993.08.02"]
[EventType "swiss"]
[EventRounds "11"]
[EventCountry "GBR"]
[SourceTitle "BritBase"]
[Source "britbase.info"]
[SourceDate "2021.07.30"]
[SourceVersion "1"]
[SourceVersionDate "2021.07.30"]
[SourceQuality "1"]

1. d4 Nf6 2. Bg5 d5 3. Bxf6 exf6 4. e3 Be7 5. c4 dxc4 6. Bxc4 O-O 7. Nc3 c6 8.
Nge2 Nd7 9. Qc2 Bd6 10. Bd3 g6 11. h3 Qe7 12. O-O-O a5 13. Kb1 Nb6 14. h4 Be6
15. h5 f5 16. g4 Nd5 17. gxf5 Nb4 18. Qd2 Nxd3 19. Qxd3 gxf5 20. d5 cxd5 21.
Nxd5 Qd8 22. Rdg1+ Kh8 23. Qc3+ f6 24. Ndf4 Qd7 25. Ng6+ hxg6 26. hxg6+ Kg8 27.
g7 Rfc8 28. Qxf6 Bxa2+ 29. Ka1 1-0

[Event "GBR-ch80"]
[Site "Dundee"]
[Date "1993.08.11"]
[Round "9"]
[White "Kumaran, Dharshan"]
[Black "Ward, Christopher G"]
[Result "1/2-1/2"]
[WhiteElo "2425"]
[BlackElo "2460"]
[PlyCount "87"]
[EventDate "1993.08.02"]
[EventType "swiss"]
[EventRounds "11"]
[EventCountry "GBR"]
[SourceTitle "BritBase"]
[Source "britbase.info"]
[SourceDate "2021.07.30"]
[SourceVersion "1"]
[SourceVersionDate "2021.07.30"]
[SourceQuality "1"]

1. d4 e6 2. c4 Bb4+ 3. Bd2 a5 4. Nf3 d6 5. g3 Nf6 6. Bg2 Bxd2+ 7. Qxd2 O-O 8.
Nc3 Nbd7 9. O-O e5 10. d5 Nc5 11. Ne1 e4 12. Nc2 Bf5 13. Ne3 Qd7 14. Nb5 Bg6
15. Nd4 Rfe8 16. b3 c6 17. dxc6 bxc6 18. a3 Nb7 19. Rfd1 Red8 20. h4 Qc7 21. b4
c5 22. Nb5 Qc6 23. Nd5 Nxd5 24. Qxd5 Qxd5 25. Rxd5 h5 26. bxc5 dxc5 27. Rad1
Rxd5 28. Rxd5 Rd8 29. Re5 f6 30. Re7 Nd6 31. Nxd6 Rxd6 32. Ra7 Rd1+ 33. Kh2 Rc1
34. Bh3 f5 35. Rxa5 Rxc4 36. Ra8+ Kf7 37. Ra7+ Kf6 38. Ra6+ Kf7 39. Ra7+ Kf6
40. Ra6+ Kf7 41. Ra7+ Kf6 42. Ra6+ Kf7 43. Ra7+ Kf6 44. Ra6+ 1/2-1/2

[Event "GBR-ch80"]
[Site "Dundee"]
[Date "1993.08.11"]
[Round "9"]
[White "Lee, Graham D"]
[Black "Murugan, Krishnamoorthy"]
[Result "1-0"]
[WhiteElo "2345"]
[BlackElo "2430"]
[PlyCount "62"]
[EventDate "1993.08.02"]
[EventType "swiss"]
[EventRounds "11"]
[EventCountry "GBR"]
[SourceTitle "BritBase"]
[Source "britbase.info"]
[SourceDate "2021.07.30"]
[SourceVersion "1"]
[SourceVersionDate "2021.07.30"]
[SourceQuality "1"]

1. e4 c5 2. c3 Nf6 3. e5 Nd5 4. d4 cxd4 5. Nf3 e6 6. cxd4 b6 7. Nc3 Nxc3 8.
bxc3 Qc7 9. Bd2 d6 10. Bd3 Nd7 11. O-O dxe5 12. Nxe5 Nxe5 13. dxe5 Bb7 14. Bb5+
Bc6 15. Qa4 Bxb5 16. Qxb5+ Qd7 17. a4 Bc5 18. Rfd1 O-O-O 19. Qa6+ Kb8 20. a5
Qd3 21. c4 Rd7 22. axb6 Bxb6 23. Rdb1 Rb7 24. Be3 Rd8 25. h3 Rd4 26. Rb5 Qxc4
27. Rxb6 axb6 28. Qa8+ Kc7 29. Bxd4 Qxd4 30. Rc1+ Qc5 31. Rxc5+ bxc5 1-0

[Event "GBR-ch80"]
[Site "Dundee"]
[Date "1993.08.11"]
[Round "9"]
[White "Levitt, Jonathan"]
[Black "James, David J"]
[Result "1-0"]
[WhiteElo "2455"]
[BlackElo "2255"]
[PlyCount "103"]
[EventDate "1993.08.02"]
[EventType "swiss"]
[EventRounds "11"]
[EventCountry "GBR"]
[SourceTitle "BritBase"]
[Source "britbase.info"]
[SourceDate "2021.07.30"]
[SourceVersion "1"]
[SourceVersionDate "2021.07.30"]
[SourceQuality "1"]

1. d4 Nf6 2. c4 e6 3. Nc3 Bb4 4. e3 O-O 5. Bd3 d5 6. a3 dxc4 7. Bxh7+ Nxh7 8.
axb4 c6 9. Nf3 Qe7 10. b5 cxb5 11. Nxb5 Qb4+ 12. Nc3 b5 13. O-O Bb7 14. Bd2 Nd7
15. Na2 Qxb2 16. Bc3 Qb3 17. Qe2 Be4 18. Rfc1 Bxf3 19. gxf3 b4 20. Rcb1 Qa4 21.
Rxb4 Qc6 22. Rxc4 Qb5 23. Nc1 Qg5+ 24. Kh1 Nhf6 25. Nd3 Rfc8 26. Rxa7 Rxc4 27.
Rxa8+ Kh7 28. Bd2 Rc2 29. Nf4 g6 30. Qd1 Rc7 31. Qf1 Nh5 32. Qg2 Qh4 33. Qh3
Qxh3 34. Nxh3 Kg7 35. Bb4 f6 36. Kg2 g5 37. Ng1 Kf7 38. Ne2 Ng7 39. Nc3 Nf5 40.
Nb5 Nh4+ 41. Kf1 Rc1+ 42. Ke2 Nb6 43. Nd6+ Kg7 44. Re8 Rc2+ 45. Bd2 Nxf3 46.
Kxf3 Rxd2 47. Re7+ Kg6 48. Rxe6 Nd5 49. Ne4 Rb2 50. Rd6 Rb5 51. Nc5 Ne7 52. Nd7
1-0

[Event "GBR-ch80"]
[Site "Dundee"]
[Date "1993.08.11"]
[Round "9"]
[White "McDonald, Neil R"]
[Black "Cooper, Lawrence"]
[Result "1/2-1/2"]
[WhiteElo "2395"]
[BlackElo "2310"]
[PlyCount "62"]
[EventDate "1993.08.02"]
[EventType "swiss"]
[EventRounds "11"]
[EventCountry "GBR"]
[SourceTitle "BritBase"]
[Source "britbase.info"]
[SourceDate "2021.07.30"]
[SourceVersion "1"]
[SourceVersionDate "2021.07.30"]
[SourceQuality "1"]

1. e4 e5 2. f4 d5 3. exd5 exf4 4. Nf3 Nf6 5. Bc4 Nxd5 6. Bxd5 Qxd5 7. O-O Be7
8. d4 O-O 9. Bxf4 c6 10. Nc3 Qd8 11. Qd3 Na6 12. a3 Nc7 13. Rad1 Nd5 14. Nxd5
cxd5 15. Qb3 b6 16. Ne5 Bb7 17. Qg3 Bh4 18. Qg4 Bc8 19. Qh5 Ba6 20. c4 Bxc4 21.
Nxc4 dxc4 22. Rf3 h6 23. Bxh6 gxh6 24. Qxh6 Re8 25. Rf4 Qg5 26. Qxh4 Qxh4 27.
Rxh4 Re2 28. d5 b5 29. d6 Rxb2 30. Rg4+ Kf8 31. Rh4 Kg7 1/2-1/2

[Event "GBR-ch80"]
[Site "Dundee"]
[Date "1993.08.11"]
[Round "9"]
[White "McNab, Colin Anderson"]
[Black "Ferguson, Mark"]
[Result "0-1"]
[WhiteElo "2490"]
[BlackElo "2195"]
[PlyCount "82"]
[EventDate "1993.08.02"]
[EventType "swiss"]
[EventRounds "11"]
[EventCountry "GBR"]
[SourceTitle "BritBase"]
[Source "britbase.info"]
[SourceDate "2021.07.30"]
[SourceVersion "1"]
[SourceVersionDate "2021.07.30"]
[SourceQuality "1"]

1. g3 Nf6 2. Bg2 d5 3. d3 c6 4. Nd2 e5 5. e4 Bd6 6. Ngf3 O-O 7. O-O Nbd7 8. b3
Re8 9. Bb2 a5 10. a4 Nc5 11. exd5 Nxd5 12. Nc4 f6 13. Nxd6 Qxd6 14. d4 exd4 15.
Qxd4 Ne6 16. Qd3 Qc5 17. c3 b6 18. Rfe1 Ba6 19. Qd2 Rad8 20. Qc1 h6 21. Nh4
Nec7 22. Qc2 Nb4 23. Rxe8+ Rxe8 24. Qd2 Re2 25. Qd8+ Ne8 26. Rf1 Nd3 27. b4
axb4 28. cxb4 Qxb4 29. Bxc6 Nxf2 30. Qd5+ Kh8 31. Ng6+ Kh7 32. Nf4 Nh3+ 33.
Nxh3 Qxb2 34. Rd1 Qc3 35. Qf5+ Kh8 36. Be4 Qe3+ 37. Nf2 Re1+ 38. Rxe1 Qxe1+ 39.
Kg2 Bf1+ 40. Kf3 Qe2+ 41. Kf4 g5+ 0-1

[Event "GBR-ch80"]
[Site "Dundee"]
[Date "1993.08.11"]
[Round "9"]
[White "Parker, Jonathan"]
[Black "Hebden, Mark"]
[Result "0-1"]
[WhiteElo "2370"]
[BlackElo "2560"]
[PlyCount "100"]
[EventDate "1993.08.02"]
[EventType "swiss"]
[EventRounds "11"]
[EventCountry "GBR"]
[SourceTitle "BritBase"]
[Source "britbase.info"]
[SourceDate "2021.07.30"]
[SourceVersion "1"]
[SourceVersionDate "2021.07.30"]
[SourceQuality "1"]

1. d4 Nf6 2. c4 c5 3. d5 b5 4. cxb5 a6 5. f3 g6 6. e4 d6 7. Na3 Bg7 8. Ne2 O-O
9. Nc3 e6 10. Bc4 exd5 11. Nxd5 axb5 12. Nxb5 Nxd5 13. Bxd5 Ra6 14. O-O Nc6 15.
Be3 Ne7 16. Nc3 Nxd5 17. Qxd5 Be6 18. Qd2 Qa8 19. Rad1 Rb8 20. b3 Qc6 21. Rc1
Qc7 22. Ne2 Qa5 23. Qxa5 Rxa5 24. Rc2 Rba8 25. Nc1 f5 26. Rd1 R5a6 27. exf5
Bxf5 28. Rcd2 Bf8 29. Bf4 Rd8 30. Ne2 d5 31. Bg5 Re8 32. g4 Bc8 33. Kf2 Bb7 34.
Bh4 Bh6 35. g5 Bg7 36. Rc1 d4 37. Bg3 Bf8 38. b4 d3 39. Nf4 cxb4 40. Nxd3 Ra5
41. Rcc2 Rxg5 42. Re2 Rxe2+ 43. Kxe2 Ba6 44. Ke3 Rd5 45. Nf4 Re5+ 46. Kf2 g5
47. Nh5 Re6 48. f4 Bd3 49. Rd2 Bc5+ 50. Kf3 Be2+ 0-1

[Event "GBR-ch80"]
[Site "Dundee"]
[Date "1993.08.11"]
[Round "9"]
[White "Quillan, Gary"]
[Black "Hennigan, Michael"]
[Result "0-1"]
[WhiteElo "2300"]
[BlackElo "2415"]
[PlyCount "86"]
[EventDate "1993.08.02"]
[EventType "swiss"]
[EventRounds "11"]
[EventCountry "GBR"]
[SourceTitle "BritBase"]
[Source "britbase.info"]
[SourceDate "2021.07.30"]
[SourceVersion "1"]
[SourceVersionDate "2021.07.30"]
[SourceQuality "1"]

1. e4 c5 2. Nf3 Nc6 3. Bb5 e6 4. O-O Nge7 5. c3 a6 6. Ba4 b5 7. Bc2 Bb7 8. Re1
Rc8 9. d3 Ng6 10. Nbd2 Qc7 11. Nf1 Be7 12. Ne3 O-O 13. Bd2 Qb6 14. a3 d6 15. h3
Rfd8 16. Nh2 Bf8 17. Qh5 Nce5 18. Neg4 Qc6 19. f4 Nxg4 20. hxg4 d5 21. Nf3 dxe4
22. dxe4 Rxd2 23. Nxd2 Nxf4 24. Qh2 e5 25. Nf3 c4 26. g3 Bc5+ 27. Kf1 Nd3 28.
Bxd3 cxd3 29. Rad1 Rd8 30. Qh5 f6 31. Kg2 Ba7 32. g5 g6 33. Qh4 Qc5 34. Rd2 f5
35. Kh2 fxe4 36. Rxe4 Qd5 37. Qg4 Re8 38. Re1 Qxf3 39. Qxf3 Bxf3 40. Rxd3 Bg4
41. Rd6 e4 42. Rxa6 Bf3 43. Ra1 Rd8 0-1

[Event "GBR-ch80"]
[Site "Dundee"]
[Date "1993.08.11"]
[Round "9"]
[White "Rowson, Jonathan"]
[Black "Dhar Barua, Saheli"]
[Result "1-0"]
[WhiteElo "2325"]
[BlackElo "2050"]
[PlyCount "79"]
[EventDate "1993.08.02"]
[EventType "swiss"]
[EventRounds "11"]
[EventCountry "GBR"]
[SourceTitle "BritBase"]
[Source "britbase.info"]
[SourceDate "2021.07.30"]
[SourceVersion "1"]
[SourceVersionDate "2021.07.30"]
[SourceQuality "1"]

1. e4 e5 2. Nf3 Nc6 3. Bb5 a6 4. Ba4 Nf6 5. O-O Be7 6. Bxc6 dxc6 7. Qe1 Nd7 8.
b3 O-O 9. Bb2 f6 10. d4 exd4 11. Nxd4 Nb6 12. c4 Bc5 13. Qc3 Re8 14. Nd2 Qe7
15. Rae1 Bg4 16. Qg3 Rad8 17. N2f3 Bc8 18. e5 f5 19. e6 Rf8 20. Qe5 Rf6 21.
Nxf5 Qxe6 22. Nh6+ gxh6 23. Qxf6 Qxf6 24. Bxf6 Rd7 25. Rd1 Kf7 26. Bh4 Rxd1 27.
Rxd1 Bf5 28. Bg3 Nd7 29. Bxc7 Nf6 30. Bd6 Ba7 31. Bf4 Ne4 32. Be3 Nc3 33. Rd2
Bb8 34. Bxh6 Ne4 35. Ng5+ Kg6 36. Nxe4 Kxh6 37. Nd6 Bb1 38. Nxb7 Bf4 39. Re2
Kg5 40. Nc5 1-0